Se ha ocupado el Kilometro 6... (Record no. 182073)

MARC details
000 -LEADER
campo de control de longitud fija 00560nam a2200145 i 4500
001 - NÚMERO DE CONTROL
campo de control 182073
003 - IDENTIFICADOR DE NÚMERO DE CONTROL
campo de control ES-MaACL
005 - FECHA Y HORA DE LA ÚLTIMA TRANSACCIÓN
campo de control 20230906221525.0
008 - DATOS DE LONGITUD FIJA--INFORMACIÓN GENERAL
campo de control de longitud fija 130529s1939 sp |||| | spa d
100 1# - ENTRADA PRINCIPAL--NOMBRE DE PERSONA
Nombre de persona Benítez de Castro, Cecilio.
9 (RLIN) 27625
245 10 - MENCIÓN DEL TÍTULO
Título Se ha ocupado el Kilometro 6...
Resto del título : novela /
Mención de responsabilidad, etc. por Benitez de Castro.
260 ## - PUBLICACIÓN, DISTRIBUCIÓN, ETC.
Lugar de publicación, distribución, etc. Barcelona :
Nombre del editor, distribuidor, etc. Edit. Molino,
Fecha de publicación, distribución, etc. [1939?] (
Fabricante Tall. Graf.: Vicente Ferrer)
300 ## - DESCRIPCIÓN FÍSICA
Extensión 94 p. :
Otras características físicas il. ;
Dimensiones 21 cm.
852 ## - LOCALIZACIÓN
Ubicación ES-MaACL
Número de control de estantería 2114-F-22
Nota libre .- Donativo de los herederos de la biblioteca de Mª del Pilar Costa Palacín
Holdings
Estatus retirado Estado de pérdida Estado de daño No para préstamo Colección Biblioteca de origen Biblioteca actual Ubicación en estantería Fecha de adquisición Fuente de adquisición Total de préstamos Signatura topográfica completa Código de barras Visto por última vez Precio de reemplazo Tipo de ítem Koha
        Colección de folletos Biblioteca del Ateneo de Madrid Biblioteca del Ateneo de Madrid Depósito folletos 29/05/2013     2114-F-22 1191334 23/02/2023 23/02/2023 Folleto